Största städerna på S i Nordamerika, enligt bild - Statistics

General Stats
  • This quiz has been taken 2 times
  • The average score is 7 of 20
Answer Stats
Picture Hint Answer % Correct
🇺🇸 810 000 San Francisco
100%
🇺🇸 530 000 Sacramento
50%
🇺🇸 1 470 000 San Antonio
50%
🇺🇸 1 380 000 San Diego
50%
🇨🇷 1 450 000 San José
50%
🇺🇸 970 000 San Jose
50%
🇵🇷 320 000 San Juan
50%
🇲🇽 850 000 {San Luis} Potosí
50%
🇨🇺 430 000 Santiago de {Cuba}
50%
🇩🇴 550 000 {Santiago} de los Caballeros
50%
🇩🇴 2 580 000 Santo Domingo
50%
🇺🇸 750 000 Seattle
50%
🇲🇽 860 000 Saltillo
0%
🇵🇦 320 000 {San Miguel}ito
0%
🇲🇽 410 000 {San Nicolás} de los Garza
0%
🇭🇳 700 000 San Pedro Sula
0%
🇸🇻 320 000 San Salvador
0%
🇲🇽 790 000 Santiago de {Querétaro}
0%
🇲🇽 310 000 {Soledad} de Graciano Sánchez
0%
🇺🇸 320 000 Stockton
0%
No matching quizzes found
Score Distribution
Percent of People with Each Score
Percentile by Number Answered
Your Score History
You have not taken this quiz